000 00665nam a2200193 i 4500
001 129224
003 ES-MaACL
005 20230906193448.0
007 t|
008 070608s1947 sp ||||1| spa d
100 1 _aTerencio Africano, Publio.
_9109734
245 1 0 _aAdelphoe /
_cPublio Terencio Africano ; texto y notas de Bernardo Alemany Selfa.
260 _aMadrid :
_bInstituto Antonio de Nebrija,
_c1947.
300 _aXXI, 115 p. ;
_c20 cm.
500 _aPrecede al tít.: Consejo Superior de Investigaciones Científicas.
700 1 _aAlemany Selfa, Bernardo.
_919735
710 2 _aInstituto Antonio de Nebrija.
_94795
852 4 _aES-MaACL
_j1679-F-3
999 _c129224
_d129224